Vplyv marketingu na predaj automobilov zn. PEUGEOT : Diplomová práca

Guardado en:
Detalles Bibliográficos
Autor principal: Frühwald, Pavol (Autor)
Otros Autores: Linczényi, Alexander, 1932- (xxx)
Formato: Manuscrito Libro
Lenguaje:eslovaco
Publicado: Trnava : STU v Bratislave MtF KMK, 1999
Materias:
Etiquetas: Agregar Etiqueta
Sin Etiquetas, Sea el primero en etiquetar este registro!

MARC

LEADER 00000ntm a22000003a 4500
001 stu52988
005 20160719155215.8
008 000405s1999----xo------------------slo-d
040 |a STU  |b slo 
041 0 |a slo 
044 |a xo 
100 1 |a Frühwald, Pavol  |4 aut 
245 1 |a Vplyv marketingu na predaj automobilov zn. PEUGEOT :  |b Diplomová práca 
260 |a Trnava :  |b STU v Bratislave MtF KMK,  |c 1999 
300 |a 77 s  |c výťah 
650 7 |a Marketing-automobily  |2 stusub 
650 7 |a Predaj-automobily  |2 stusub 
650 7 |a Automobily-marketing  |2 stusub 
650 7 |a manažment priemyselných podnikov  |2 stusub 
700 1 |a Linczényi, Alexander,  |d 1932-  |4 xxx  |u M300  |U MTF Ústav priemyselného inžinierstva a manažmentu  |T MTF Katedra inžinierstva kvality  |X 3055  |U M300  |Y M300  |7 A000003055